000 00578cam a2200217 4500500
005 20260405001124.0
041 _afre
042 _adc
100 1 0 _aDuru, Martin
_eauthor
245 0 0 _aAverroès
260 _c2011.
500 _a46
690 _aDémocratie
690 _aFoi
690 _aIslam
690 _aLogique
690 _aMoyen Âge
690 _aRaison
786 0 _nPhilosophie magazine | 49 | 5 | 2011-05-01 | p. 34-34 | 1951-1787
856 4 1 _uhttps://shs.cairn.info/magazine-philosophie-magazine-2011-5-page-34?lang=fr&redirect-ssocas=7080
999 _c2044270
_d2044270